Faculty of Law Library — Cairo University

Official Online Catalog

المخدرات والمسكرات بين الشريعة والقانون : (Record no. 55227)

MARC details
000 -LEADER
fixed length control field 01220nam a2200325 i 4500
003 - CONTROL NUMBER IDENTIFIER
control field EG-GICUC
005 - DATE AND TIME OF LATEST TRANSACTION
control field 20260204175932.0
008 - FIXED-LENGTH DATA ELEMENTS--GENERAL INFORMATION
fixed length control field 260107s1986 ua |||fr|||| 00| 0 d
017 ## - COPYRIGHT OR LEGAL DEPOSIT NUMBER
Copyright or legal deposit number 1946/ 86
040 ## - CATALOGING SOURCE
Original cataloging agency EG-GICUC
Language of cataloging ara
Transcribing agency EG-GICUC
Modifying agency EG-GICUC
Description conventions rda
041 1# - LANGUAGE CODE
Language code of text/sound track or separate title Ara
082 04 - DEWEY DECIMAL CLASSIFICATION NUMBER
Edition number 21
Classification number 343.637
Item number ع ز . م
092 04 - LOCALLY ASSIGNED DEWEY CALL NUMBER (OCLC)
Edition number 21
099 ## - LOCAL FREE-TEXT CALL NUMBER (OCLC)
Classification number Law1 10 343.637 ع ز . م 1986
100 0# - MAIN ENTRY--PERSONAL NAME
Personal name عزت حسنين
Relator term مؤلف.
245 12 - TITLE STATEMENT
Title المخدرات والمسكرات بين الشريعة والقانون :
Remainder of title دراسة مقارنة /
Statement of responsibility, etc. تأليف المستشار عزت حسنين .
250 ## - EDITION STATEMENT
Edition statement الطبعة الأولى
264 #1 - PRODUCTION, PUBLICATION, DISTRIBUTION, MANUFACTURE, AND COPYRIGHT NOTICE
Place of production, publication, distribution, manufacture [مكان النشر غير محدد ] :
Name of producer, publisher, distributor, manufacturer [الناشر غير محدد]،
Date of production, publication, distribution, manufacture, or copyright notice 1986.
300 ## - PHYSICAL DESCRIPTION
Extent 409 صفحة؛
Dimensions 24 سم.
336 ## - CONTENT TYPE
Source rda content
Content type term text
337 ## - MEDIA TYPE
Source rda media
Media type term Computer
338 ## - CARRIER TYPE
Source rda carrier
Carrier type term Online Resource
546 ## - LANGUAGE NOTE
Language note النص باللغة العربية
650 1# - SUBJECT ADDED ENTRY--TOPICAL TERM
Topical term or geographic name entry element إدمان الخمور والمخدرات والجريمة
Source of heading or term qrmak
650 1# - SUBJECT ADDED ENTRY--TOPICAL TERM
Topical term or geographic name entry element القانون الجنائى
Source of heading or term qrmak
651 1# - SUBJECT ADDED ENTRY--GEOGRAPHIC NAME
Source of heading or term qrmak
856 40 - ELECTRONIC LOCATION AND ACCESS
Uniform Resource Identifier <a href="https://fll.law.cu.edu.eg/fulltext/bks/B10-07726.pdf">https://fll.law.cu.edu.eg/fulltext/bks/B10-07726.pdf</a>
905 ## - Cataloger and Reviser Names
Cataloger Name: Yasmin Sayed
Revisor Name: Yara
942 ## - ADDED ENTRY ELEMENTS (KOHA)
Source of classification or shelving scheme Dewey Decimal Classification
Koha item type Books
Edition 21
Suppress in OPAC No
Holdings
Withdrawn status Lost status Source of classification or shelving scheme Damaged status Not for loan Collection Home library Current library Date acquired Total checkouts Full call number Barcode Date last seen Copy number Price effective from Koha item type
    Dewey Decimal Classification   Not for loan القانون الجنائي جــــامعة القــاهرة مكتبة كلية الحقوق - المبنى الرئيسي 07.01.2026   Law1 10 343.637 ع ز . م 1 ed - 1986 1007726 C1 B10-07726 07.01.2026 1 07.01.2026 Books
    Dewey Decimal Classification     القانون الجنائي جــــامعة القــاهرة مكتبة كلية الحقوق - المبنى الرئيسي 08.02.2026   Law1 10 343.637 ع ز . م 1 ed - 1986 1007727 C2 B10-07727 08.02.2026 2 08.02.2026 Books

© All rights reserved — Faculty of Law, Cairo University